000 00506nam a2200181Ia 4500
001 17351
005 20260306171511.0
008 260306s9999||||xx |||||||||||||| ||und||
041 _aESP
082 _a657.73
_bH58
100 _aHirache Flores, Luz
_eAUT
245 0 _aReconocimiento contable del gasto por depreciación, amortización y agotamiento de los activos inmovilizados
260 _c2011
300 _a30 páginas :
_c24 cm.
650 _aGEN
654 _aCCO
942 _cLIB
_dJUS
_fJUS
_2ddc
_n
999 _c17351
_d17351